Normal view
MARC view
Entry Término temático
001 - NÚMERO DE CONTROL
- campo de control: 29827
003 - IDENTIFICADOR DEL NÚMERO DE CONTROL
- campo de control: FranzMayer
005 - FECHA Y HORA DE LA ÚLTIMA TRANSACCIÓN
- campo de control: 20230918110047.0
008 - DATOS DE LONGITUD FIJA
- campo de control de longitud fija: 230918|| aca||aabn | a|a d
040 ## - FUENTE DE LA CATALOGACIÓN
- Centro catalogador/agencia de origen: FranzMayer
- Centro/agencia transcriptor: FranzMayer
150 ## - ENCABEZAMIENTO--TÉRMINO DE MATERIA
- Término de materia o nombre geográfico como elemento de entrada: Química natural
- Subdivisión de forma: Colorantes
670 ## - FUENTE DE DATOS ENCONTRADOS
- Cita de la fuente: Work cat.: (FranzMayer)11067: Responsable Corona, Pascuala 29826, Tres colores prehispánicos , 1985